000 00229 a2200097 4500
001 27539
100 _aChatfield, C
245 _aAnalysis of time series theory practice
260 _a
_bChapman hall
_c1975
090 _c18328
_d18328
942 _aNUST-CAE
_cM
_c9256
999 _c262612
_d262612